Principal Designer services (building services) scope of services (Record no. 122166)

MARC details
000 -LEADER
fixed length control field 01296nam a22002297a 4500
008 - FIXED-LENGTH DATA ELEMENTS--GENERAL INFORMATION
fixed length control field 250522s2025 xxk|||||o|||| 00| 0 eng d
041 ## - LANGUAGE CODE
Language code of text/sound track or separate title eng
110 ## - MAIN ENTRY--CORPORATE NAME
Corporate author Royal Institution of Chartered Surveyors
245 ## - TITLE STATEMENT
Title Principal Designer services (building services) scope of services
Subtitle England
Medium [Electronic resource]
260 ## - PUBLICATION INFORMATION
Place of publication London,
Publisher Royal Institution of Chartered Surveyors,
Date 2025
300 ## - PHYSICAL DESCRIPTION
Physical description 12p.
490 ## - SERIES TITLE
Series statement RICS Standard Form
520 ## - ABSTRACT
Abstract Principal Designer (Building Regulations) Services provides a comprehensive set of those surveyor services present for Principal Designer Services under The Building Regulations, Part 2A, following on from the Building Safety Act 2022. These are not the same as Principal Designer (CDM 2015) Services, for which a separate set of documents will apply.
520 ## - ABSTRACT
Abstract For use with the RICS Standard or RICS Short Forms of Consultant’s Appointment
650 ## - KEYWORDS
Keywords APPOINTMENT
650 ## - KEYWORDS
Keywords BUILDING SAFETY ACT 2022
650 ## - KEYWORDS
Keywords PRINCIPAL DESIGNER
651 ## - SUBJECT ADDED ENTRY--GEOGRAPHIC NAME
Geographic name England
710 ## - ADDED CORPORATE NAME
Added corporate author Royal Institution of Chartered Surveyors
856 ## - ONLINE RESOURCE
Uniform Resource Identifier <a href="https://www.rics.org/content/dam/ricsglobal/documents/standards/standard-form-of-consultants-appointment/Principal-Designer-BR-Services-England-April-2025.pdf">https://www.rics.org/content/dam/ricsglobal/documents/standards/standard-form-of-consultants-appointment/Principal-Designer-BR-Services-England-April-2025.pdf</a>
Public note Available on RICS.org
942 ## - ADDED ENTRY ELEMENTS (KOHA)
Suppress in OPAC Do not suppress in OPAC
Holdings
Lost status Damaged status Not for loan Current library Shelving location Date acquired Total Checkouts Full call number Date last seen Price effective from Koha item type
      Virtual Online 22/05/2025   ONLINE PUBLICATION 22/05/2025 22/05/2025 Online material